00502nam a22001577a 450000500170000001000150001702000270003203500140005903700090007308200110008210000230009324500820011626000500019827000760024830000200032420240802162711.0 aENG-141161 a9789390951222c1199.00 aEN-124693 bDBAD a181.43 aBaksi, Panchugopal aOriginality of the Pioneers of the Ramakrishna Order/cBy Panchugopal Baksi,  aPanchugopalbAllied Publishers Pvt Ltd.c2022 aD-5, Sector 2, NoidabUttar Pradeshe201301k0120-4320295k0120-2542557 a714p.c24cm(hb)